Los otros madrileños : (Record no. 110310)

MARC details
000 -LEADER
campo de control de longitud fija 00838nam a2200277 i 4500
001 - NÚMERO DE CONTROL
campo de control 110310
003 - IDENTIFICADOR DE NÚMERO DE CONTROL
campo de control ES-MaACL
005 - FECHA Y HORA DE LA ÚLTIMA TRANSACCIÓN
campo de control 20250720041557.0
007 - CAMPO FIJO DE DESCRIPCIÓN FÍSICA--INFORMACIÓN GENERAL
campo de control de longitud fija t|
008 - DATOS DE LONGITUD FIJA--INFORMACIÓN GENERAL
campo de control de longitud fija 061121s1984 sp r ||||1| spa d
017 ## - NÚMERO DE COPYRIGHT O DE DEPÓSITO LEGAL
Número de copyright o de depósito legal M 18199-1984
020 ## - NÚMERO INTERNACIONAL ESTÁNDAR DEL LIBRO
Número Internacional Estándar del Libro 8486280079
040 ## - FUENTE DE CATALOGACIÓN
Centro/agencia transcriptor ES-MaACL
100 0# - ENTRADA PRINCIPAL--NOMBRE DE PERSONA
Nombre de persona Molina, Esperanza
9 (RLIN) 81888
Término indicativo de función/relación Autor
245 14 - MENCIÓN DEL TÍTULO
Título Los otros madrileños :
Resto del título (El Pozo del Tío Raimundo) /
Mención de responsabilidad, etc. Esperanza Molina
260 ## - PUBLICACIÓN, DISTRIBUCIÓN, ETC.
Lugar de publicación, distribución, etc. Madrid :
Nombre del editor, distribuidor, etc. Avapiés,
Fecha de publicación, distribución, etc. 1984
300 ## - DESCRIPCIÓN FÍSICA
Extensión 221 páginas ;
Dimensiones 20 cm
490 1# - MENCIÓN DE SERIE
Mención de serie Colección Avapiés ,
Designación de volumen o secuencia 8
651 #4 - PUNTO DE ACCESO ADICIONAL DE MATERIA--NOMBRE GEOGRÁFICO
9 (RLIN) 8939
Nombre geográfico Madrid
655 #7 - TERMINO DE INDIZACIÓN--GENERO/FORMA
Fuente del término tgfbne
9 (RLIN) 236197
Datos o término principal de género/forma Relatos personales
830 00 - PUNTO DE ACCESO ADICIONAL DE SERIE-TÍTULO UNIFORME
Título uniforme Avapiés
Designación de volumen o secuencia 8
9 (RLIN) 178596
852 ## - LOCALIZACIÓN
Ubicación ES-MaACL
Número de control de estantería L-6421
Sublocalización o colección R.106955
Ubicación en estantería Depósito 2
Encuadernación Encuadernación rústica
942 ## - ELEMENTOS DE ENTRADA SECUNDARIOS (KOHA)
Tipo de ítem Koha Libro impreso
Suprimir en OPAC No
Holdings
Estatus retirado Estado de pérdida Estado de daño No para préstamo Biblioteca de origen Biblioteca actual Ubicación en estantería Fecha de adquisición Fuente de adquisición Total de préstamos Signatura topográfica completa Código de barras Visto por última vez Precio de reemplazo Tipo de ítem Koha
        Biblioteca del Ateneo de Madrid Biblioteca del Ateneo de Madrid Depósito 2 17/01/2008     L-6421 1115086 23/02/2023 23/02/2023 Libro impreso